K aktuálnym zmenám týkajúcim sa stravovania zamestnancov a osôb samostatne zárobkovo činných

Zákon č. 595/2003 Z. z. je pozmenený zákonom z 26. 10. 2021. Zákon z 26.10. 2021 má 2 články: čl. I tvorí novela zákona č. 595/2003 Z. z. s dvoma bodmi. Týkajú sa stravovania daňovníkov s prízávislej činnosti podľa § 5 ZDP a daňovníkov s príjmami z podnikania a z inej samostatne zárobkovej činnosti...

Ausführliche Beschreibung

Gespeichert in:
Bibliographische Detailangaben
1. Verfasser: Jarinkovičová, Valéria
Format: Buchkapitel
Sprache:Slowakisch
Schlagworte:
Tags: Tag hinzufügen
Keine Tags, Fügen Sie das erste Tag hinzu!

MARC

LEADER 00000naa a2200000 4500
001 0282101
005 20240417075155.5
041 0 |a slo 
044 |a SK 
245 1 0 |a K aktuálnym zmenám týkajúcim sa stravovania zamestnancov a osôb samostatne zárobkovo činných  |c Valéria Jarinkovičová 
520 |a Zákon č. 595/2003 Z. z. je pozmenený zákonom z 26. 10. 2021. Zákon z 26.10. 2021 má 2 články: čl. I tvorí novela zákona č. 595/2003 Z. z. s dvoma bodmi. Týkajú sa stravovania daňovníkov s prízávislej činnosti podľa § 5 ZDP a daňovníkov s príjmami z podnikania a z inej samostatne zárobkovej činnosti podľa 6 § ods. 1 a 2 ZDP; podľa čl. II nadobudne zákon účinnosť 1. 1. 2022. 
610 2 0 |a zamestnanci 
610 2 0 |a stravovanie zamestnancov 
610 2 0 |a zmennosť 
610 2 0 |a osoby samostatne zárobkovo činné 
610 2 0 |a zákony 
610 2 0 |a úpravy právne 
100 1 |a Jarinkovičová, Valéria